Audit reklamy jako nástroj marketingové kontroly

Audit reklamy ako nástroj marketingovej kontroly. Rozlíšenie pojmov kontrola, controlling a audit. Marketingová kontrola a jej význam. Marketingový audit. Audit reklamy.

Guardado en:
Detalles Bibliográficos
Autor principal: Staňková, Pavla
Formato: Capítulo de libro
Lenguaje:checo
Materias:
Etiquetas: Agregar Etiqueta
Sin Etiquetas, Sea el primero en etiquetar este registro!

MARC

LEADER 00000naa$a2200000$$$4500
001 0006437
005 20231004104229.6
041 0 |a cze 
044 |a CZ 
245 1 0 |a Audit reklamy jako nástroj marketingové kontroly  |c aut. Pavla Staňková 
520 |a Audit reklamy ako nástroj marketingovej kontroly. Rozlíšenie pojmov kontrola, controlling a audit. Marketingová kontrola a jej význam. Marketingový audit. Audit reklamy. 
610 2 0 |a reklama 
610 2 0 |a kontrola reklamy 
610 2 0 |a audit 
610 2 0 |a kontrola 
610 2 0 |a marketing 
610 2 0 |a kontroling 
610 2 0 |a nástroje marketingové 
100 1 |a Staňková, Pavla